[Event "RA December op"]
[Site "Ottawa CAN"]
[Date "2017.12.09"]
[Round "3"]
[White "Yang, Fan"]
[Black "Demchenko, Svitlana"]
[Result "1/2-1/2"]
[WhiteElo "2114"]
[BlackElo "2288"]
[WhiteFideId "-1"]
[WhiteFideId "-1"]
[PlyCount "67"]
[GameId "2160767908292252"]
[EventDate "2017.12.08"]
[EventType "swiss"]
[EventRounds "5"]
[EventCountry "CAN"]
[SourceTitle "EXT 2022"]
[Source "ChessBase"]
[SourceDate "2021.10.06"]
[SourceVersion "1"]
[SourceVersionDate "2021.10.06"]
[SourceQuality "1"]

1. e4 c5 2. Nf3 e6 3. d4 cxd4 4. Nxd4 a6 5. Nc3 Qc7 6. a3 Nf6 7. Be3 b5 8. f3 Bb7 9. Be2 h5 10. Qd2 d5 11. exd5 Nxd5 12. Nxd5 Bxd5 13. Bf4 Qb6 14. Be3 Qb7 15. Rd1 Nd7 16. Nb3 Rd8 17. Bg5 Nf6 18. c4 bxc4 19. Na5 Qc7 20. Nxc4 Be7 21. Qc3 O-O 22. O-O Rc8 23. Rc1 Bxc4 24. Bxc4 Ne4 25. fxe4 Bxg5 26. Rc2 Bf6 27. Qf3 Bxb2 28. Kh1 Qa5 29. Rxb2 Rxc4 30. Rb7 Rc3 31. Qf4 e5 32. Qf5 Rc7 33. Rxc7 Qxc7 34. Qxh5 1/2-1/2

[Event "RA December op"]
[Site "Ottawa CAN"]
[Date "2017.12.09"]
[Round "3"]
[White "Zhang, Jikai"]
[Black "Adriaanse, Adam"]
[Result "1-0"]
[WhiteElo "2039"]
[BlackElo "2088"]
[WhiteFideId "-1"]
[WhiteFideId "-1"]
[PlyCount "33"]
[GameId "2160767908292253"]
[EventDate "2017.12.08"]
[EventType "swiss"]
[EventRounds "5"]
[EventCountry "CAN"]
[SourceTitle "EXT 2022"]
[Source "ChessBase"]
[SourceDate "2021.10.06"]
[SourceVersion "1"]
[SourceVersionDate "2021.10.06"]
[SourceQuality "1"]

1. e4 c5 2. Nf3 e6 3. b3 d6 4. Bb2 Nf6 5. Nc3 Be7 6. d4 cxd4 7. Nxd4 a6 8. Qf3 Nbd7 9. O-O-O O-O 10. h4 Qc7 11. Be2 b5 12. Qg3 b4 13. Nd5 exd5 14. Nf5 g6 15. Nxe7+ Kg7 16. Nxd5 Qc5 17. Qf4 1-0

[Event "RA December op"]
[Site "Ottawa CAN"]
[Date "2017.12.10"]
[Round "4"]
[White "Adriaanse, Adam"]
[Black "Xu, Daniel"]
[Result "1-0"]
[WhiteElo "2088"]
[BlackElo "1906"]
[WhiteFideId "-1"]
[WhiteFideId "-1"]
[PlyCount "69"]
[GameId "2160767908292254"]
[EventDate "2017.12.08"]
[EventType "swiss"]
[EventRounds "5"]
[EventCountry "CAN"]
[SourceTitle "EXT 2022"]
[Source "ChessBase"]
[SourceDate "2021.10.06"]
[SourceVersion "1"]
[SourceVersionDate "2021.10.06"]
[SourceQuality "1"]

1. d4 d5 2. c4 c6 3. Nc3 Nf6 4. Nf3 e6 5. Bg5 Be7 6. e3 O-O 7. Qc2 Nbd7 8. cxd5 cxd5 9. Bd3 a6 10. O-O b5 11. Rfc1 Bb7 12. h3 h6 13. Bf4 Rc8 14. a3 Qb6 15. Qe2 Ne4 16. Nd2 f5 17. a4 bxa4 18. Nxa4 Rxc1+ 19. Rxc1 Qa5 20. Rc7 Bc8 21. Bxe4 fxe4 22. Qg4 Qxd2 23. Qxe6+ Kh7 24. Qxe7 Qd1+ 25. Kh2 Qxa4 26. Be5 Rg8 27. Rxc8 Nxe5 28. Rxg8 Kxg8 29. dxe5 Qc6 30. e6 d4 31. Qf7+ Kh7 32. exd4 Qd6+ 33. g3 Qxd4 34. e7 e3 35. e8=Q 1-0

[Event "RA December op"]
[Site "Ottawa CAN"]
[Date "2017.12.10"]
[Round "4"]
[White "Collins, Chris"]
[Black "Gordon, David"]
[Result "0-1"]
[WhiteElo "2015"]
[BlackElo "2291"]
[WhiteFideId "-1"]
[WhiteFideId "-1"]
[PlyCount "136"]
[GameId "2160767908292255"]
[EventDate "2017.12.08"]
[EventType "swiss"]
[EventRounds "5"]
[EventCountry "CAN"]
[SourceTitle "EXT 2022"]
[Source "ChessBase"]
[SourceDate "2021.10.06"]
[SourceVersion "1"]
[SourceVersionDate "2021.10.06"]
[SourceQuality "1"]

1. e4 c5 2. d4 cxd4 3. Nf3 Nc6 4. Nxd4 e5 5. Nxc6 bxc6 6. Bc4 Nf6 7. O-O Bc5 8. Bg5 h6 9. Bh4 O-O 10. Qf3 Rb8 11. Nc3 Bd4 12. Rad1 g5 13. Bg3 Rxb2 14. Bb3 Ba6 15. Na4 Rxb3 16. axb3 Bxf1 17. c3 Bb5 18. cxd4 Bxa4 19. Bxe5 Bxb3 20. Rc1 Nxe4 21. Qxe4 d6 22. Bg3 Bd5 23. Qf5 Re8 24. h3 Re6 25. Ra1 Qb6 26. Rd1 a5 27. h4 Qd8 28. hxg5 hxg5 29. Ra1 Kg7 30. Qc2 Qf6 31. Qd2 Re4 32. Qxa5 Rxd4 33. Qc7 Rd2 34. Re1 Ra2 35. Qxd6 Qxd6 36. Bxd6 Kg6 37. Bc5 f5 38. Kh2 Rc2 39. Be3 f4 40. Rc1 Re2 41. Bc5 Kf5 42. Kg1 g4 43. Kf1 Ra2 44. Kg1 g3 45. f3 Rb2 46. Kf1 Ra2 47. Kg1 Bc4 48. Kh1 Bb5 49. Kg1 Ke5 50. Bb6 Rb2 51. Re1+ Be2 52. Bc5 Kd5 53. Bf8 Rd2 54. Bb4 Rc2 55. Bf8 c5 56. Bh6 Ke5 57. Bf8 Kd4 58. Ra1 c4 59. Bd6 Ke3 60. Bc5+ Kd3 61. Bd6 Bxf3 62. gxf3 Ke3 63. Re1+ Kxf3 64. Rf1+ Kg4 65. Rxf4+ Kh3 66. Rf1 Rg2+ 67. Kh1 Rd2 68. Bxg3 Kxg3 0-1

[Event "RA December op"]
[Site "Ottawa CAN"]
[Date "2017.12.10"]
[Round "4"]
[White "Demchenko, Svitlana"]
[Black "Villeneuve, Robert"]
[Result "1-0"]
[WhiteElo "2288"]
[BlackElo "2046"]
[WhiteFideId "-1"]
[WhiteFideId "-1"]
[PlyCount "99"]
[GameId "2160767908292256"]
[EventDate "2017.12.08"]
[EventType "swiss"]
[EventRounds "5"]
[EventCountry "CAN"]
[SourceTitle "EXT 2022"]
[Source "ChessBase"]
[SourceDate "2021.10.06"]
[SourceVersion "1"]
[SourceVersionDate "2021.10.06"]
[SourceQuality "1"]

1. d4 Nc6 2. Nf3 d6 3. d5 Ne5 4. Nxe5 dxe5 5. c4 e6 6. Nc3 exd5 7. cxd5 Nf6 8. g3 Bc5 9. Bg2 O-O 10. O-O h6 11. b3 Qe7 12. Qc2 a6 13. Bb2 Bd6 14. Nd1 Bd7 15. Ne3 g6 16. Nc4 Rfe8 17. f4 Ng4 18. h3 Bc5+ 19. Kh1 Nf2+ 20. Rxf2 Bxf2 21. Nxe5 c5 22. dxc6 Bxc6 23. Nxc6 bxc6 24. Bxc6 Rac8 25. Qc3 f6 26. Qf3 Qxe2 27. Qd5+ Qe6 28. Qxe6+ Rxe6 29. Bd7 Re2 30. Bxc8 Rxb2 31. Bxa6 Bxg3 32. Bc4+ Kf8 33. a4 Bxf4 34. a5 Bb8 35. a6 Ba7 36. Rd1 Ke7 37. Rd5 f5 38. Rb5 Kf6 39. Rb7 Bd4 40. b4 f4 41. b5 Kg5 42. a7 f3 43. Re7 Kh4 44. Re4+ Kg3 45. Rg4+ Kxh3 46. Bf1+ Kxg4 47. a8=Q Be5 48. Qe4+ Bf4 49. Qxg6+ Kh4 50. Qf6+ 1-0

[Event "RA December op"]
[Site "Ottawa CAN"]
[Date "2017.12.10"]
[Round "4"]
[White "Zhang, Jikai"]
[Black "Yang, Fan"]
[Result "1-0"]
[WhiteElo "2039"]
[BlackElo "2114"]
[WhiteFideId "-1"]
[WhiteFideId "-1"]
[PlyCount "81"]
[GameId "2160767908292257"]
[EventDate "2017.12.08"]
[EventType "swiss"]
[EventRounds "5"]
[EventCountry "CAN"]
[SourceTitle "EXT 2022"]
[Source "ChessBase"]
[SourceDate "2021.10.06"]
[SourceVersion "1"]
[SourceVersionDate "2021.10.06"]
[SourceQuality "1"]

1. e4 e5 2. Nf3 Nc6 3. Bb5 a6 4. Ba4 Nf6 5. d4 exd4 6. e5 Nd5 7. O-O Be7 8. Nxd4 Nxd4 9. Qxd4 Nb6 10. Bb3 O-O 11. Bf4 Kh8 12. c4 d6 13. Rd1 Be6 14. exd6 Bxd6 15. Bxd6 Qxd6 16. Qxd6 cxd6 17. Rxd6 Nxc4 18. Rxe6 fxe6 19. Bxc4 Rac8 20. Na3 Rc6 21. Re1 Rfc8 22. Bb3 g6 23. f3 Kg7 24. Rxe6 Rxe6 25. Bxe6 Rd8 26. b4 Kf6 27. Bb3 Ke5 28. b5 Kd4 29. Kf2 a5 30. g4 Kc3 31. Nc2 g5 32. h4 h6 33. h5 b6 34. Ne3 Kb4 35. Nf5 Rh8 36. Ke3 Kxb5 37. Ke4 a4 38. Be6 Kb4 39. Ke5 Ka3 40. Kf6 Re8 41. Nxh6 1-0

[Event "RA December op"]
[Site "Ottawa CAN"]
[Date "2017.12.10"]
[Round "5"]
[White "Gordon, David"]
[Black "Zhang, Jikai"]
[Result "1/2-1/2"]
[WhiteElo "2291"]
[BlackElo "2039"]
[WhiteFideId "-1"]
[WhiteFideId "-1"]
[PlyCount "135"]
[GameId "2160767908292258"]
[EventDate "2017.12.08"]
[EventType "swiss"]
[EventRounds "5"]
[EventCountry "CAN"]
[SourceTitle "EXT 2022"]
[Source "ChessBase"]
[SourceDate "2021.10.06"]
[SourceVersion "1"]
[SourceVersionDate "2021.10.06"]
[SourceQuality "1"]

1. d4 d5 2. Bf4 e6 3. e3 Nf6 4. Nd2 c5 5. c3 Bd6 6. Bg3 O-O 7. Bd3 Nc6 8. Ngf3 Qe7 9. Ne5 cxd4 10. exd4 Nd7 11. Qe2 Bxe5 12. dxe5 f5 13. exf6 Qxf6 14. Qh5 g6 15. Qh4 e5 16. Qxf6 Nxf6 17. O-O Nh5 18. Rfe1 Nxg3 19. hxg3 Bf5 20. Bb5 Rfe8 21. Nf3 e4 22. Nd4 Nxd4 23. cxd4 Rec8 24. Rec1 Kf7 25. Kf1 Ke6 26. Ke2 a6 27. Ba4 Rc4 28. Rxc4 dxc4 29. Ke3 Kd5 30. Rh1 h5 31. Bd1 b5 32. Rh4 b4 33. g4 hxg4 34. Bxg4 c3 35. bxc3 bxc3 36. Bd1 Kc4 37. Bb3+ Kb4 38. g4 g5 39. Rh5 Bxg4 40. Rxg5 Bf3 41. Rc5 Rh8 42. Rc4+ Kb5 43. Rxc3 Rh3 44. Rc5+ Kb4 45. Rg5 a5 46. Rg3 Rh1 47. Rg8 Re1+ 48. Kf4 Rf1 49. Rb8+ Kc3 50. d5 Rxf2 51. Rc8+ Kb4 52. Rc2 Rf1 53. Rc4+ Kb5 54. a4+ Kb6 55. Rc6+ Kb7 56. Bc4 Rf2 57. Ba6+ Ka7 58. Bb5 Be2+ 59. Kxe4 Bxb5 60. axb5 Kb7 61. Ra6 Ra2 62. Ke5 a4 63. Kd6 a3 64. Kd7 Ra1 65. d6 a2 66. Ra3 Kb6 67. Kd8 Rd1 68. Rxa2 1/2-1/2

[Event "RA December op"]
[Site "Ottawa CAN"]
[Date "2017.12.10"]
[Round "5"]
[White "Sadeghi, Saeid"]
[Black "Demchenko, Svitlana"]
[Result "0-1"]
[WhiteElo "2050"]
[BlackElo "2288"]
[WhiteFideId "-1"]
[WhiteFideId "-1"]
[PlyCount "100"]
[GameId "2160767908292259"]
[EventDate "2017.12.08"]
[EventType "swiss"]
[EventRounds "5"]
[EventCountry "CAN"]
[SourceTitle "EXT 2022"]
[Source "ChessBase"]
[SourceDate "2021.10.06"]
[SourceVersion "1"]
[SourceVersionDate "2021.10.06"]
[SourceQuality "1"]

1. d4 Nf6 2. Bg5 e6 3. e4 h6 4. Bxf6 Qxf6 5. Nf3 d6 6. c4 Nd7 7. Nc3 a6 8. Be2 g5 9. Qd3 Bg7 10. d5 Nc5 11. Qc2 Qg6 12. Nd2 O-O 13. Bd3 f5 14. O-O-O b5 15. f3 f4 16. Nb3 Nxb3+ 17. axb3 bxc4 18. Bxc4 Bxc3 19. bxc3 e5 20. Kb2 Bd7 21. Qe2 a5 22. Ra1 a4 23. b4 g4 24. h3 gxh3 25. gxh3 Kh8 26. Rag1 Qh5 27. Rg2 Rg8 28. Rhg1 Bxh3 29. Rxg8+ Rxg8 30. Rxg8+ Kxg8 31. Bb5 Qg5 32. Ka3 Bg2 33. Qc4 Qg7 34. Qc6 Bxf3 35. Qe8+ Kh7 36. Bd3 Bg4 37. c4 f3 38. Qxa4 f2 39. Qc2 Qf7 40. Bf1 Qf3+ 41. Ka4 Bd7+ 42. b5 Qe3 43. c5 dxc5 44. d6 cxd6 45. Qc4 Qd4 46. Ka5 Qxc4 47. Bxc4 h5 48. Kb6 h4 49. Kc7 Bxb5 50. Bxb5 h3 0-1

[Event "RA December op"]
[Site "Ottawa CAN"]
[Date "2017.12.10"]
[Round "5"]
[White "Villeneuve, Robert"]
[Black "Simic, Dusan"]
[Result "1/2-1/2"]
[WhiteElo "2046"]
[BlackElo "2134"]
[WhiteFideId "-1"]
[WhiteFideId "-1"]
[PlyCount "87"]
[GameId "2160767908292260"]
[EventDate "2017.12.08"]
[EventType "swiss"]
[EventRounds "5"]
[EventCountry "CAN"]
[SourceTitle "EXT 2022"]
[Source "ChessBase"]
[SourceDate "2021.10.06"]
[SourceVersion "1"]
[SourceVersionDate "2021.10.06"]
[SourceQuality "1"]

1. e4 e6 2. d4 d5 3. Nd2 Nf6 4. e5 Nfd7 5. f4 c5 6. c3 Nc6 7. Ndf3 Qb6 8. g3 cxd4 9. cxd4 Bb4+ 10. Kf2 f6 11. Kg2 O-O 12. Bd3 Be7 13. Ne2 f5 14. h3 Qd8 15. g4 Nb6 16. Ng3 Bd7 17. a3 Rc8 18. gxf5 exf5 19. Rg1 Kh8 20. Kh2 g6 21. Ne2 Qe8 22. h4 Nd8 23. Qf1 Ne6 24. Qh3 Ng7 25. Ng3 Rc6 26. Bd2 Nc4 27. Rab1 a6 28. Rgd1 Nxd2 29. Rxd2 Ne6 30. Ne2 Ng7 31. Ng3 Qd8 32. Ng5 Be6 33. Rg2 Bc8 34. Kg1 Qb6 35. Nf3 Qc7 36. Rf1 Rc1 37. Rgf2 Rc6 38. Qh2 Qb6 39. Rc2 Rxc2 40. Qxc2 Bd7 41. Rf2 Rc8 42. Qd2 Qd6 43. Rh2 Qb6 44. Rf2 1/2-1/2

[Event "RA December op"]
[Site "Ottawa CAN"]
[Date "2017.12.10"]
[Round "5"]
[White "Yang, Fan"]
[Black "Adriaanse, Adam"]
[Result "1-0"]
[WhiteElo "2114"]
[BlackElo "2088"]
[WhiteFideId "-1"]
[WhiteFideId "-1"]
[PlyCount "81"]
[GameId "2160767908292261"]
[EventDate "2017.12.08"]
[EventType "swiss"]
[EventRounds "5"]
[EventCountry "CAN"]
[SourceTitle "EXT 2022"]
[Source "ChessBase"]
[SourceDate "2021.10.06"]
[SourceVersion "1"]
[SourceVersionDate "2021.10.06"]
[SourceQuality "1"]

1. e4 c5 2. Nf3 e6 3. d4 cxd4 4. Nxd4 a6 5. Nc3 Qc7 6. a3 Nf6 7. Be3 b5 8. f3 Bb7 9. Be2 d5 10. exd5 Nxd5 11. Nxd5 Bxd5 12. Qd2 Be7 13. O-O O-O 14. Rac1 Nd7 15. f4 Nf6 16. Bd3 Rfd8 17. Qe2 Qb7 18. h3 Ne4 19. Bxe4 Bxe4 20. Nb3 Rac8 21. Qf2 Qd5 22. Nd4 Bf6 23. Rfd1 Qb7 24. Rd2 Rd7 25. Rcd1 Rcd8 26. c3 h6 27. Qe2 e5 28. fxe5 Bxe5 29. Qg4 Bg6 30. Re1 Bf6 31. Rf2 Re7 32. Rd2 Rde8 33. Qg3 Bg5 34. Rde2 Bf6 35. Qf2 Qd5 36. Rd2 Qc4 37. Rdd1 Re4 38. Nf3 Bh5 39. Nd2 Qa4 40. b3 Qxa3 41. Nxe4 1-0

[Event "RA December op U1600"]
[Site "Ottawa CAN"]
[Date "2017.12.08"]
[Round "1"]
[White "Ethier, Valori"]
[Black "Pascual-Meagher, Santiago"]
[Result "1/2-1/2"]
[WhiteElo "1257"]
[BlackElo "1418"]
[WhiteFideId "-1"]
[WhiteFideId "-1"]
[PlyCount "105"]
[GameId "2160767908292262"]
[EventDate "2017.12.08"]
[EventType "swiss"]
[EventRounds "5"]
[EventCountry "CAN"]

1. f4 e5 2. fxe5 d6 3. exd6 Nf6 4. dxc7 Qxc7 5. Nf3 Bd6 6. e3 Ng4 7. Bb5+ Nd7 8. d4 Bxh2 9. Rxh2 Nxh2 10. Nxh2 Qxh2 11. Qf3 Qh1+ 12. Kd2 O-O 13. Bxd7 Bxd7 14. Qxb7 Bg4 15. Nc3 Qh6 16. Qe4 Bh5 17. b3 Rad8 18. Ba3 Rfe8 19. Qd3 Bg6 20. Qe2 Rxd4+ 21. Kc1 Rxe3 22. Qxe3 Qxe3+ 23. Kb2 Qf2 24. Rc1 Rd2 25. Ka1 Rxc2 26. Rd1 Rd2 27. Rc1 Qe3 28. Nd5 Rxa2+ 29. Kxa2 Qe6 30. Ne7+ Kf8 31. Rc8+ Qxc8 32. Nxc8+ Ke8 33. Nxa7 Be4 34. g3 h5 35. Bd6 Kd7 36. Bf4 f6 37. Nb5 g5 38. Be3 Bd5 39. Nd4 Kd6 40. Kb2 h4 41. gxh4 Bxb3 42. Kxb3 gxh4 43. Nf5+ Ke5 44. Nxh4 Ke4 45. Ng2 f5 46. Bb6 Kf3 47. Ne1+ Kg3 48. Bg1 f4 49. Nd3 f3 50. Bf2+ Kg2 51. Kc3 Kf1 52. Kd4 Ke2 53. Ke4 1/2-1/2

[Event "RA December op U1900"]
[Site "Ottawa CAN"]
[Date "2017.12.08"]
[Round "1"]
[White "Laurin, Marcel"]
[Black "Ning, Alwin"]
[Result "1-0"]
[WhiteElo "1710"]
[BlackElo "1509"]
[WhiteFideId "-1"]
[WhiteFideId "-1"]
[PlyCount "55"]
[GameId "2160767908292263"]
[EventDate "2017.12.08"]
[EventType "swiss"]
[EventRounds "5"]
[EventCountry "CAN"]

1. d4 d5 2. Nf3 Nf6 3. Bf4 e6 4. a3 c5 5. e3 Qb6 6. dxc5 Qxb2 7. Be5 Qxa1 8. Bxa1 Bxc5 9. Bb5+ Bd7 10. Bxd7+ Nbxd7 11. Ne5 Nb6 12. O-O O-O 13. Nd2 Bxa3 14. Ng4 Nfd7 15. Nh6+ Kh8 16. Ng4 f6 17. f4 Rac8 18. Rf3 Nc4 19. Rh3 Nxd2 20. Qxd2 Rc4 21. Qd3 f5 22. Qxa3 fxg4 23. Qe7 Rg8 24. Rxh7+ Kxh7 25. Qxd7 Rxc2 26. Bd4 a5 27. Qf7 Kh6 28. Qxg8 1-0

[Event "RA December op U1900"]
[Site "Ottawa CAN"]
[Date "2017.12.09"]
[Round "2"]
[White "Khan, Alexandre"]
[Black "Laurin, Marcel"]
[Result "1-0"]
[WhiteElo "1582"]
[BlackElo "1710"]
[WhiteFideId "-1"]
[WhiteFideId "-1"]
[PlyCount "75"]
[GameId "2160767908292264"]
[EventDate "2017.12.08"]
[EventType "swiss"]
[EventRounds "5"]
[EventCountry "CAN"]

1. e4 b6 2. d4 Bb7 3. Nc3 e6 4. Bd3 d6 5. Be3 Ne7 6. Nge2 a6 7. Qd2 h6 8. O-O-O b5 9. f4 Nd7 10. Rhg1 Nb6 11. d5 c5 12. dxc6 Nxc6 13. Nd4 d5 14. Nxc6 Bxc6 15. Bxb6 Qxb6 16. exd5 Bc5 17. Rge1 b4 18. dxc6 bxc3 19. Qxc3 O-O 20. Qb3 Qc7 21. Qc4 Bd6 22. g3 Rfb8 23. Qd4 Be7 24. Qe4 Bf6 25. b3 Bc3 26. Re2 Qa5 27. Qa4 Qxa4 28. bxa4 Rb4 29. Re4 Rb2 30. Rc4 Bf6 31. c7 Rc8 32. Be4 g5 33. f5 g4 34. fxe6 Rb6 35. exf7+ Kf8 36. c3 Bg5+ 37. Kc2 Rf6 38. Rd8+ 1-0

[Event "RA December op U1900"]
[Site "Ottawa CAN"]
[Date "2017.12.09"]
[Round "3"]
[White "Laurin, Marcel"]
[Black "Danilov, Alex"]
[Result "1-0"]
[WhiteElo "1710"]
[BlackElo "1821"]
[WhiteFideId "-1"]
[WhiteFideId "-1"]
[PlyCount "103"]
[GameId "2160767908292265"]
[EventDate "2017.12.08"]
[EventType "swiss"]
[EventRounds "5"]
[EventCountry "CAN"]

1. d4 Nf6 2. Nf3 g6 3. c4 Bg7 4. Nc3 d5 5. Bf4 dxc4 6. e4 O-O 7. Bxc4 Bg4 8. Be2 c6 9. h3 Bxf3 10. Bxf3 Qa5 11. O-O Nbd7 12. a3 e5 13. b4 Qc7 14. Bg3 Rfe8 15. Rc1 Qd8 16. d5 cxd5 17. Nxd5 Nxd5 18. Qxd5 Bh6 19. Rc3 Rc8 20. Rd3 Qb6 21. Rfd1 Nf6 22. Qb3 Bf4 23. Bxf4 exf4 24. Rd6 Rc6 25. Rxc6 bxc6 26. Qc4 Qb5 27. Qd4 Qe5 28. Qxe5 Rxe5 29. Rd4 a5 30. Rc4 axb4 31. axb4 Kg7 32. Kf1 g5 33. Ke2 h5 34. Kd3 Re6 35. Rc5 Kh6 36. e5 Nd7 37. Ra5 Nxe5+ 38. Kd4 Nxf3+ 39. gxf3 Re2 40. Rc5 Rd2+ 41. Ke5 Re2+ 42. Kd6 Re6+ 43. Kc7 Re2 44. Rxc6+ Kg7 45. b5 Rxf2 46. b6 Rb2 47. b7 g4 48. hxg4 hxg4 49. fxg4 f3 50. b8=Q Rxb8 51. Kxb8 f6 52. Rc5 1-0

[Event "RA December op U1900"]
[Site "Ottawa CAN"]
[Date "2017.12.10"]
[Round "4"]
[White "Laurin, Marcel"]
[Black "Peters, Romy"]
[Result "0-1"]
[WhiteElo "1721"]
[BlackElo "1605"]
[WhiteFideId "-1"]
[WhiteFideId "-1"]
[PlyCount "70"]
[GameId "2160767908292266"]
[EventDate "2017.12.08"]
[EventType "swiss"]
[EventRounds "5"]
[EventCountry "CAN"]

1. d4 d5 2. Nf3 Nf6 3. Bf4 e6 4. a3 Bd6 5. Bg3 Bxg3 6. hxg3 Qe7 7. e3 Nbd7 8. Ne5 Nxe5 9. dxe5 Ne4 10. Bd3 Bd7 11. Bxe4 dxe4 12. Qg4 g6 13. Nc3 O-O-O 14. O-O-O h5 15. Qxe4 Bc6 16. Qf4 Bxg2 17. Rhg1 Bc6 18. Rxd8+ Rxd8 19. Rd1 Rxd1+ 20. Kxd1 b6 21. Kc1 Kb7 22. Ne2 g5 23. Qf6 Qxf6 24. exf6 Be4 25. Nd4 h4 26. f3 h3 27. fxe4 h2 28. Kd2 h1=Q 29. Kd3 Qf1+ 30. Kd2 Qxf6 31. c3 Qf2+ 32. Ne2 c5 33. c4 a6 34. Kd3 Qf1 35. Kd2 Qb1 0-1

[Event "RA December op U1900"]
[Site "Ottawa CAN"]
[Date "2017.12.10"]
[Round "5"]
[White "Bilodeau, Victor"]
[Black "Laurin, Marcel"]
[Result "0-1"]
[WhiteElo "1767"]
[BlackElo "1710"]
[WhiteFideId "-1"]
[WhiteFideId "-1"]
[PlyCount "40"]
[GameId "2160767908292267"]
[EventDate "2017.12.08"]
[EventType "swiss"]
[EventRounds "5"]
[EventCountry "CAN"]

1. d4 d5 2. Nf3 Nf6 3. h3 Bf5 4. Bf4 e6 5. e3 h6 6. Bd3 Ne4 7. O-O g5 8. Bh2 g4 9. hxg4 Bxg4 10. Be2 Rg8 11. Ne5 Bh3 12. Ng4 Bxg2 13. Kxg2 h5 14. Bg3 hxg4 15. Bxg4 f5 16. Bh5+ Kd7 17. Qf3 Bd6 18. Kh2 Nxg3 19. fxg3 Rxg3 20. Qf2 Qh4# 0-1

[Event "RA Fall op"]
[Site "Ottawa CAN"]
[Date "2017.09.29"]
[Round "1"]
[White "Doubleday, William"]
[Black "Pacey, Kevin"]
[Result "1/2-1/2"]
[WhiteElo "2028"]
[BlackElo "2161"]
[WhiteFideId "-1"]
[WhiteFideId "-1"]
[PlyCount "67"]
[GameId "2160767908330249"]
[EventDate "2017.09.29"]
[EventType "swiss"]
[EventRounds "5"]
[EventCountry "CAN"]
[SourceTitle "EXT 2022"]
[Source "ChessBase"]
[SourceDate "2021.10.06"]
[SourceVersion "1"]
[SourceVersionDate "2021.10.06"]
[SourceQuality "1"]

1. d4 Nf6 2. c4 g6 3. Nc3 d5 4. Nf3 Bg7 5. Bg5 Ne4 6. Bh4 Nxc3 7. bxc3 dxc4 8. Qa4+ Nc6 9. e3 O-O 10. Bxc4 Bg4 11. O-O Bxf3 12. gxf3 a6 13. Qa3 b5 14. Be2 Qd5 15. Bxe7 Nxe7 16. Qxe7 c5 17. Qe4 Rad8 18. Qxd5 Rxd5 19. f4 b4 20. cxb4 cxd4 21. Rad1 a5 22. e4 Rd7 23. bxa5 Rb8 24. Bd3 Rb4 25. a4 Ra7 26. Bb5 Rxa5 27. Rb1 Bf8 28. Rfd1 Rxb1 29. Rxb1 Bh6 30. Rd1 Bxf4 31. Rxd4 Ra7 32. Rd7 Rxd7 33. Bxd7 Bc7 34. Kg2 1/2-1/2

[Event "RA Fall op"]
[Site "Ottawa CAN"]
[Date "2017.09.29"]
[Round "1"]
[White "Gordon, David"]
[Black "Collins, Chris"]
[Result "1-0"]
[WhiteElo "2315"]
[BlackElo "2075"]
[WhiteFideId "-1"]
[WhiteFideId "-1"]
[PlyCount "57"]
[GameId "2160767908330250"]
[EventDate "2017.09.29"]
[EventType "swiss"]
[EventRounds "5"]
[EventCountry "CAN"]
[SourceTitle "EXT 2022"]
[Source "ChessBase"]
[SourceDate "2021.10.06"]
[SourceVersion "1"]
[SourceVersionDate "2021.10.06"]
[SourceQuality "1"]

1. d4 Nf6 2. Bg5 e6 3. e4 d5 4. e5 h6 5. Be3 Nfd7 6. f4 g6 7. Bd3 Nc6 8. c3 Ne7 9. Nf3 Nf5 10. Bf2 h5 11. g3 c5 12. Nbd2 cxd4 13. cxd4 Nb8 14. O-O Nc6 15. a3 Qb6 16. b4 Bd7 17. Nb3 Rc8 18. Kg2 Be7 19. Qd2 Nb8 20. Rfc1 O-O 21. Nc5 Bb5 22. h3 Bxd3 23. Qxd3 Bxc5 24. dxc5 Qd8 25. g4 Ng7 26. Bh4 Qd7 27. b5 d4 28. a4 Qd5 29. Qxd4 1-0

[Event "RA Fall op"]
[Site "Ottawa CAN"]
[Date "2017.09.29"]
[Round "1"]
[White "Xu, Daniel"]
[Black "Lanceman, Stefan"]
[Result "1/2-1/2"]
[WhiteElo "1764"]
[BlackElo "1985"]
[WhiteFideId "-1"]
[WhiteFideId "-1"]
[PlyCount "67"]
[GameId "2160767908330251"]
[EventDate "2017.09.29"]
[EventType "swiss"]
[EventRounds "5"]
[EventCountry "CAN"]
[SourceTitle "EXT 2022"]
[Source "ChessBase"]
[SourceDate "2021.10.06"]
[SourceVersion "1"]
[SourceVersionDate "2021.10.06"]
[SourceQuality "1"]

1. d4 Nf6 2. c4 c5 3. Nf3 e6 4. e3 d5 5. Nc3 Nc6 6. dxc5 Bxc5 7. a3 O-O 8. b4 Be7 9. Bb2 b6 10. Be2 dxc4 11. Bxc4 Bb7 12. O-O Rc8 13. Qe2 Qc7 14. Nb5 Qb8 15. Rac1 a6 16. Nbd4 b5 17. Ba2 Nxd4 18. Nxd4 Bd5 19. Bxd5 Nxd5 20. Nc6 Qb7 21. Nxe7+ Qxe7 22. Bd4 Rfd8 23. Qb2 f6 24. Rxc8 Rxc8 25. Rc1 Rxc1+ 26. Qxc1 Qc7 27. Qxc7 Nxc7 28. f4 Kf7 29. Kf2 Ke7 30. e4 g6 31. g4 f5 32. Be5 Na8 33. gxf5 exf5 34. Bd4 1/2-1/2

[Event "RA Fall op"]
[Site "Ottawa CAN"]
[Date "2017.09.29"]
[Round "1"]
[White "Zhang, Jikai"]
[Black "Marin, Sam"]
[Result "1/2-1/2"]
[WhiteElo "1978"]
[BlackElo "2027"]
[WhiteFideId "-1"]
[WhiteFideId "-1"]
[PlyCount "146"]
[GameId "2160767908330252"]
[EventDate "2017.09.29"]
[EventType "swiss"]
[EventRounds "5"]
[EventCountry "CAN"]
[SourceTitle "EXT 2022"]
[Source "ChessBase"]
[SourceDate "2021.10.06"]
[SourceVersion "1"]
[SourceVersionDate "2021.10.06"]
[SourceQuality "1"]

1. e4 e5 2. Nf3 Nc6 3. Bb5 Nf6 4. d3 d6 5. O-O Be7 6. h3 O-O 7. c3 a6 8. Ba4 b5 9. Bc2 Re8 10. Re1 h6 11. Be3 d5 12. Nbd2 d4 13. cxd4 exd4 14. Bf4 Nb4 15. a3 Nxc2 16. Qxc2 c5 17. Nb3 Qb6 18. Rac1 Nd7 19. Ne5 Nxe5 20. Bxe5 Bg5 21. Qxc5 Qe6 22. f4 Bxf4 23. Bxf4 Qxb3 24. Qxd4 Be6 25. Qc3 Rad8 26. d4 Qxc3 27. bxc3 Bc4 28. Kf2 Re6 29. d5 Re7 30. g4 Bd3 31. Kf3 f6 32. Rcd1 Bc4 33. d6 Re6 34. Rd4 Kf7 35. a4 g5 36. Bg3 Rd7 37. axb5 axb5 38. Ke3 Re8 39. Ra1 h5 40. Rd2 h4 41. Bh2 Ke6 42. Kd4 Rc8 43. e5 fxe5+ 44. Bxe5 Bf1 45. Rxf1 Rc4+ 46. Kd3 Kxe5 47. Rf5+ Ke6 48. Rxb5 Rxd6+ 49. Kxc4 Rxd2 50. Rxg5 Rh2 51. Rh5 Rxh3 52. Kb4 Rh1 53. c4 h3 54. Rh6+ Kd7 55. Kc5 h2 56. Rd6+ Ke7 57. Rd2 Kf6 58. Rc2 Kg6 59. Rf2 Kg5 60. Rg2 Kf4 61. g5 Kf3 62. g6 Kxg2 63. g7 Rg1 64. g8=Q+ Kf3 65. Qd5+ Kg3 66. Qd3+ Kf2 67. Qd2+ Kg3 68. Qg5+ Kf3 69. Qh5+ Kg3 70. Qe5+ Kg2 71. Qe2+ Kg3 72. Qe3+ Kg2 73. Qg5+ Kf3 1/2-1/2